Books Known By Shorter Names - Statistics

General Stats
  • This quiz has been taken 9 times
  • The average score is 5 of 22
Answer Stats
Answer % Correct
Mary Shelley {Frankenstein}; or, The Modern Prometheus
86%
Herman Melville {Moby}-{Dick}; or, The Whale
71%
Charles Darwin On the {Origin} {of} {Species} by Means of Natural Selection, or the Preservation of Favoured Races in the Struggle for Life
71%
Peter George {Dr}. {Strangelove} or: How I Learned to Stop Worrying and Love the Bomb
57%
Philip K Dick {Blade} {Runner}: Do Androids Dream of Electric Sheep?
29%
Willem Defoe The Life and Strange Surprising Adventures of {Robinson} {Crusoe}, of York, Mariner
29%
John Bunyan {The} {Pilgrim's} {Progress} from This World, to That Which Is to Come
29%
Jonathan Swift {Travels} into Several Remote Nations of the World, in Four Parts. By Lemuel {Gulliver}
29%
Jonathan Swift {A} {Modest} {Proposal} For Preventing the Children of Poor People From Being a Burden to Their Parents or Country, and For Making Them Beneficial to the Public
14%
Adam Smith An Inquiry into the Nature and Causes of {the} {Wealth} {of} {Nations}
14%
Thomas Paine {Common} {Sense}; Addressed to the Inhabitants of America
14%
Thomas Hobbes {Leviathan}, or The Matter, Forme, and Power of a Common-Wealth Ecclesiastical and Civil
14%
Isaac Newton Philosophiæ Naturalis {Principia} Mathematica
14%
Joseph Smith, Translator {The} {Book} {of} {Mormon}: Another Testament of Jesus Christ
14%
Mark Haddon The {Curious} {Incident} of the Dog in the Night-Time
14%
Charles Dickens The Personal History, Adventures, Experiences and Observation of {David} {Copperfield} the Younger of Blunderstone Rookery
14%
Christopher Marlowe The Tragical History of the Life and Death of {Doctor} {Faustus}
14%
Thomas Malthus An {Essay} {on} the Principle of {Population}, as it Affects the Future Improvement of Society
0%
David Hume A Treatise of {Human} {Nature}: Being an Attempt to Introduce the Experimental Method of Reasoning into Moral Subjects
0%
Galileo Galilei {Dialogue} Concerning the Two Chief World Systems, Ptolemaic and Copernican
0%
John Foxe The {Book} {of} the {Martyrs}, Acts and Monuments of These Latter and Perillous Days
0%
John Locke {Two} {Treatises} {of} {Government}: In the Former, The False Principles and Foundation of Sir Robert Filmer, and His Followers, are Detected and Overthrown
0%
No matching quizzes found
Score Distribution
Percent of People with Each Score
Percentile by Number Answered
Your Score History
You have not taken this quiz